Olly's Kookaburra book / (Record no. 110130)
[ view plain ]
| 000 -LEADER | |
|---|---|
| fixed length control field | 00600nam a2200193 a 4500 |
| 001 - CONTROL NUMBER | |
| control field | 0244 |
| 005 - DATE AND TIME OF LATEST TRANSACTION | |
| control field | 20140414131850.0 |
| 008 - FIXED-LENGTH DATA ELEMENTS--GENERAL INFORMATION | |
| fixed length control field | 040902s19uu xx 00 eng d |
| 020 ## - INTERNATIONAL STANDARD BOOK NUMBER | |
| International Standard Book Number | 1-86504-220-X |
| 050 ## - LIBRARY OF CONGRESS CALL NUMBER | |
| Classification number | M 598.78 |
| Item number | M11 1999 |
| 100 ## - MAIN ENTRY--PERSONAL NAME | |
| Personal name | McAuley, Steve |
| 245 ## - TITLE STATEMENT | |
| Title | Olly's Kookaburra book / |
| Statement of responsibility, etc | Steve McAuley. |
| 260 ## - PUBLICATION, DISTRIBUTION, ETC. (IMPRINT) | |
| Place of publication, distribution, etc | Sydney : |
| Name of publisher, distributor, etc | Scholastic Australia Pty., |
| Date of publication, distribution, etc | 1999. |
| 300 ## - PHYSICAL DESCRIPTION | |
| Extent | 32 p. : ill. ; cm. |
| 650 ## - SUBJECT ADDED ENTRY--TOPICAL TERM | |
| Topical term or geographic name as entry element | Olympic Games (27th: 2000: Sydney , NSW) |
| General subdivision | Juvenile literature. |
| 650 ## - SUBJECT ADDED ENTRY--TOPICAL TERM | |
| Topical term or geographic name as entry element | Mascots |
| General subdivision | Juvenile literature. |
| 650 ## - SUBJECT ADDED ENTRY--TOPICAL TERM | |
| Topical term or geographic name as entry element | Kookaburra |
| General subdivision | Juvenile literature. |
| Withdrawn status | Lost status | Damaged status | Use restrictions | Home library | Current library | Shelving location | Date acquired | Source of acquisition | Total Checkouts | Full call number | Barcode | Date last seen | Price effective from | Koha item type |
|---|---|---|---|---|---|---|---|---|---|---|---|---|---|---|
| Munich Library | Munich Library | Main Section | 09/02/2004 | M 598.78 M11 1999 | M0429 | 04/14/2014 | 04/14/2014 | Books |